OECD Reviews of Health Systems: Kazakhstan 2018
Na minha lista:
| Formato: | Livro |
|---|---|
| Idioma: | inglês |
| Publicado em: |
Paris
OECD
2018
|
| Colecção: | OECD Reviews of Health Systems
|
| Assuntos: | |
| Tags: |
Sem tags, seja o primeiro a adicionar uma tag!
|
MARC
| LEADER | 00000nam a2200000 4500 | ||
|---|---|---|---|
| 001 | 0242925 | ||
| 005 | 20221220065007.9 | ||
| 020 | |a 978-92-64-28905-5 | ||
| 041 | 0 | |a eng | |
| 044 | |a FR | ||
| 245 | 1 | 0 | |a OECD Reviews of Health Systems: Kazakhstan 2018 |
| 264 | 1 | |a Paris |b OECD |c 2018 | |
| 300 | |a 217 s. | ||
| 490 | 1 | |a OECD Reviews of Health Systems | |
| 830 | 0 | |a OECD Reviews of Health Systems | |
| 610 | 2 | 0 | |a starostlivosť zdravotná |
| 610 | 2 | 0 | |a zdravotníctvo |
| 610 | 2 | 0 | |a služby zdravotnícke |
| 610 | 2 | 0 | |a kvalita |
| 610 | 2 | 0 | |a nemocnice |
| 610 | 2 | 0 | |a Kazachstan |